| 000 | 00636nam a2200241Ia 4500 | ||
|---|---|---|---|
| 003 | OSt | ||
| 005 | 20220918193211.0 | ||
| 006 | a|||||r|||| 00| 0 | ||
| 007 | ta | ||
| 008 | 220917b |||||||| |||| 00| 0 eng d | ||
| 024 | _a72,245 | ||
| 037 | _cTextual | ||
| 040 |
_aARTS _cARTS _beng |
||
| 041 |
_2eng _aeng |
||
| 082 | _aR414, M8 | ||
| 245 | 0 |
_aJustifying toleration _b conceptual and historical perspectives ed by Susan Mendus |
|
| 260 |
_aCambridge _bCUP _c1988 |
||
| 300 |
_avii,260p. _ccm. |
||
| 500 | _aIncludes index | ||
| 650 | _aETHICS | ||
| 942 |
_hR414, M8 _cTEXL _2CC |
||
| 999 |
_c198249 _d198249 |
||